000 00420nam a22001697a 4500
003 SGT
020 _a9781265556532
082 _a616.024
_bC24P
100 _aPAPADAKIS, MAXINE. A, ed.
245 _aCURRENT MEDICAL DIAGNOSIS & TREATMENT
250 _a63TH
260 _aNEW YORK
_bMC GRAW HILL
_c2024
300 _a1873
650 _aPATHOLOGY
653 _aCURRENT, MEDICAL, DIAGNOSIS , TREATMENT
942 _2ddc
_cBK
999 _c26438
_d26438